=LDR 00000nam 2200000 4500 =001 INLIS000000000005517 =005 20200806093314 =035 ##$$a 0010-061300000005517 =008 200806################g##########0#ind## =082 ##$$a 220.92 =090 ##$$a 220.92, Kra s =100 ##$$a KRAMER, A.Th =245 1#$$a Singa telah mengaum /$c Drs A.Th. Kramer =260 ##$$a Jakarta :$b BPK Gunung mulia,$c 1996 =300 ##$$a 117 hlm ; $c 13 x 18 cm. =650 #4$$a Alkitab =650 #4$$a Biografi =850 ##$$a NBPNMAT =020 ##$$a 979-415-167-x =084 ##$$a 220.92 KRA s =250 ##$$a cet. 4 =504 ##$$a Biografi : hlm. 116 - 117 =990 ##$$a DW00021964 =990 ##$$a 112. 551/Pro- 97